000 00543nam a22001937a 4500
005 20251108165305.0
008 250721s1980 xx 000 0 ara d
082 1 4 _a958.1/محم
100 1 _aشاكر، محمود
245 1 0 _aأفغانستان /
250 _aط5
264 1 _aبيروت :
_bالمكتب الإسلامي،
_c1980.
300 _a103ص
490 0 _aمواطن الشعوب الإسلامية في آسيا ؛11
650 1 7 _aأفغانستان
650 1 7 _aالتاريخ
942 _2ddc
_cBK
999 _c24255
_d24255